000
00281nam a2200109Ia 4500
008
200302s9999 xx 000 0 und d
100
_a
William Kirby Lockard
245
_a
Desigtn Drawing Experiences 2000ed.
260
_b
W. W. Norton & Co. Ltd.
260
_c
2000
300
_a
143 P.,
999
_c
1156
_d
1156